000 01764nam a22004698i 4500
005 20210929154016.0
008 150814s2015 nyu j 000 1 eng d
020 _a9781481457040
040 _aNjBwBT
_beng
_cNjBwBT
_erda
_dMMLLC
082 0 4 _a[Fic]
_223
092 _aJ
100 1 _aRussell, Rachel Renée,
_eauthor.
_95903708
245 1 0 _aTales from a not-so-perfect pet sitter /
_cRachel Renée Russell, with Nikki Russell and Erin Russell.
246 _bDork diaries
246 _bDork diaries book ten
246 _bDork diaries book 10
250 _aFirst Aladdin hardcover edition.
260 _bSimon & Schuster
_c2015.
264 1 _aNew York :
_bAladdin,
_c2015.
264 2 _aOld Saybrook, Connecticut :
_bwww.micromarketing.org
300 _a[304] pages ;
_c[TBD] cm.
336 _atext
337 _aunmediated
338 _avolume
490 1 _aDork diaries ;
_v10
500 _aTitle and description based on available researched data.
520 _aNikki tries to be a pet sitter, but realizes it's harder work than she thought.
650 1 _aPets
_vFiction.
_95674711
650 1 _aMiddle schools
_vFiction.
_95675986
650 1 _aSchools
_vFiction.
_95673727
650 0 _aDiaries
_vJuvenile fiction.
_95675979
650 0 _aPets
_vJuvenile fiction.
_95674712
650 0 _aMiddle schools
_vJuvenile fiction.
_95675274
650 0 _aSchools
_vJuvenile fiction.
_95903709
650 1 _aDiaries
_vFiction.
_95674805
700 1 _aRussell, Nikki,
_eauthor.
_95903710
700 1 _aRussell, Erin,
_eauthor.
_95903711
800 1 _tDork diaries ;
_v10.
_95903712
942 _cBOOK
_2ddc
948 _a11/24/2015
_b12/07/2015
_zSirsi
949 _bwww.MicroMarketing.org 800-229-9887
999 _c288090
_d288090